Получение и применение ферментов, витаминов, аминокислот, премиксов. 1983, Вып.1: Оборудование для сушки распылением бактериальных и ферментных препаратов (Запись № 3656904)

Подробности
000 -МАРКЕР
контрольное поле 01453nam2a22002651 4500
001 - ИДЕНТИФИКАТОР ЗАПИСИ
контрольное поле RU\NLR\INFOCOMM44\1000046588
005 - ИДЕНТИФИКАТОР ВЕРСИИ
контрольное поле 20250617132000.0
035 ## - ДРУГИЕ СИСТЕМНЫЕ НОМЕРА
Идентификатор записи (NLR Aleph) 002625950
100 ## - ДАННЫЕ ОБЩЕЙ ОБРАБОТКИ
Данные общей обработки 20040721d1983 |||y0rusy50 ca
101 0# - ЯЗЫК РЕСУРСА
Язык текста, звукозаписи и т.д. русский
102 ## - СТРАНА ПУБЛИКАЦИИ ИЛИ ПРОИЗВОДСТВА
Страна публикации Российская Федерация
105 ## - ПОЛЕ КОДИРОВАННЫХ ДАННЫХ: ТЕКСТОВЫЕ МАТЕРИАЛЫ, МОНОГРАФИЧЕСКИЕ
Кодированные данные о монографическом текстовом документе y |||||||||
200 1# - ЗАГЛАВИЕ И СВЕДЕНИЯ ОБ ОТВЕТСТВЕННОСТИ
Основное заглавие Оборудование для сушки распылением бактериальных и ферментных препаратов
Первые сведения об ответственности А.Н. Карпов, А.В. Саруханов
210 ## - ПУБЛИКАЦИЯ, РАСПРОСТРАНЕНИЕ И ДР.
Дата издания, распространения и т.д. 1983
Место издания, распространения и т.д. Б. м.
461 #0 - УРОВЕНЬ НАБОРА
Встроенное поле 001RU\NLR\INFOCOMM44\1000046574
-- 2001#$aПолучение и применение ферментов, витаминов, аминокислот, премиксов$eОбзор. информ.$fМ-во мед. и микробиол. пром-сти СССР. ЦБНТИ. ЦБНТИ Минмедбиопром$v1983, Вып.1
Системный номер (АБИС) связанной записи 3656786
Место публикации М.
Дата публикации 1979-1987
Первые сведения об ответственности М-во мед. и микробиол. пром-сти СССР. ЦБНТИ. ЦБНТИ Минмедбиопром
Сведения, относящиеся к заглавию Обзор. информ.
Заглавие Получение и применение ферментов, витаминов, аминокислот, премиксов
Номер тома 1983, Вып.1
700 #1 - ИМЯ ЛИЦА - ПЕРВИЧНАЯ ОТВЕТСТВЕННОСТЬ
Начальный элемент ввода Карпов
Часть имени, кроме начального элемента ввода А.Н.
Код отношения Автор
701 #1 - ИМЯ ЛИЦА - АЛЬТЕРНАТИВНАЯ ОТВЕТСТВЕННОСТЬ
Начальный элемент ввода Саруханов
Часть имени, кроме начального элемента ввода А.В.
Код отношения Автор
801 #1 - ИСТОЧНИК ЗАПИСИ
Страна Российская Федерация
Организация InfoComm
Дата составления 20040721
801 #0 - ИСТОЧНИК ЗАПИСИ
Страна Российская Федерация
Организация NLR
Правила каталогизации PSBO
852 ## - МЕСТОНАХОЖДЕНИЕ И ШИФР ХРАНЕНИЯ
Идентификатор организации NLR
Шифр хранения (Call Number) П10/5719
942 ## - ДОПОЛНИТЕЛЬНЫЕ ЭЛЕМЕНТЫ ЗАПИСИ (АБИС)
Тип экземпляра АБИС Выпуск
980 ## - КОЛЛЕКЦИЯ
Название коллекции Национальная библиография
980 ## - КОЛЛЕКЦИЯ
Название коллекции Русская периодика

Нет доступных экземпляров.